| 000 | 01838nam0a2200349 4500 | ||
|---|---|---|---|
| 001 | RU\NLR\bibl\171247 | ||
| 005 | 20260407070051.0 | ||
| 010 |
_a5-7442-1265-5 _9300 |
||
| 021 |
_aRU _b2001-7632п _9267п |
||
| 035 | _a(NLR Aleph) 000168027 | ||
| 090 |
_a967707 _c967707 |
||
| 100 | _a20010718d2001 |||y0rusy50 ca | ||
| 101 | 0 |
_arus _deng |
|
| 102 | _aRU | ||
| 105 | _aa ||||||||| | ||
| 200 | 1 |
_aБиогеохимические и гидроэкологические особенности экосистем бассейна реки Амур _dBiogeochemical and hydroecological features of the Amur basin ecosystems _fРос. акад. наук, Ин-т вод. и экол. пробл. _g[Отв. ред. д.г.-м.н., проф. П.В. Ивашов] _zeng |
|
| 210 |
_aВладивосток _cДальнаука _d2001 |
||
| 215 |
_a219,[2] с. _cил. _d20 |
||
| 300 | _aРез. на англ. яз. | ||
| 309 | _aНа тит.л.: Вып. 11 | ||
| 320 | _aБиблиогр. в конце ст. | ||
| 510 | 0 |
_aBiogeochemical and hydroecological features of the Amur basin ecosystems _zeng |
|
| 606 | 1 |
_aЭколого-биогеохимические исследования _xБассейн _yАмур, река (Дальний Восток) _92227369 _3RU\NLR\auth\661337076 |
|
| 686 | _aЕ072.9(2Р55,33) | ||
| 686 | _aЕ082.411(2Р55,33) | ||
| 702 | 1 |
_aИвашов _bП. В. _4340 |
|
| 711 | 0 | 2 |
_aИнститут водных и экологических проблем _cХабаровск _bЛаборатория биогеохимических оценок загрязнения окружающей среды _3RU\NLR\AUTH\8810033541 _9565567 |
| 801 | 0 |
_aRU _bNLR _c20010718 _gPSBO |
|
| 801 | 1 |
_aRU _bNLR _c20010718 |
|
| 942 | _cBOOK | ||
| 980 | _aNB | ||